Comprendre et organiser le traitement automatique de l'information /

Guardado en:
Autor Principal: Bernard, J.
Otros Autores: Grandpierre, A. (Autor de introducción, etc.)
Formato: Libro
Idioma:French
Publicado: Paris : Dunod, 1965.
Etiquetas: Agregar Etiqueta
Sin Etiquetas, Sea el primero en etiquetar este registro!
LEADER 00528nam a22001575a 4500
001 MAT.inmabb001523
008 031124s1965####fr############000#0#fre#d
005 20170818172802.0
245 1 0 |a Comprendre et organiser le traitement automatique de l'information /  |c par J. Bernard ; préface de A. Grandpierre. 
260 |a Paris :  |b Dunod,  |c 1965. 
300 |a xxii, 402 p. ;  |c 24 cm. 
100 1 |a Bernard, J. 
700 1 |a Grandpierre, A.  |4 aui 
084 |a 68-XX  |a 94-XX  |2 msc2000 
010 |a  65053466  
859 |h 94  |i B518  |p A-1890  |b BIB. MATEMATICA